| 000 | 00372cam a2200157ua 4500 | ||
|---|---|---|---|
| 041 |
_aeng _h |
||
| 082 |
_a621.3 _bSTA/EL |
||
| 100 | _aStarr, A.T . | ||
| 245 |
_aElectronics / _cA.T.Starr. _hTextual Documents |
||
| 250 |
_a2 / _b. |
||
| 260 |
_aLondon : _bSir Isaac Pitman & Sons Ltd , _c1959. |
||
| 300 | _a429 ; . | ||
| 504 | _a | ||
| 942 | _cBK | ||
| 999 |
_c8726 _d8726 |
||